000 00178 a2200085 4500
001 1229738
005 20250912092112.0
245 _aMARSTA SEL
_c
260 _b
999 _c1229738
_d1229738